| 000 | 00397nam a2200169Ia 4500 | ||
|---|---|---|---|
| 001 | 25407 | ||
| 005 | 20260414151148.0 | ||
| 008 | 260414t1996||||xx |||||||||||||| ||spa|| | ||
| 041 | _aESP | ||
| 082 |
_a346.5 _bO83 T. 6 |
||
| 100 |
_aOsterling Parodi, Felipe _eAUT |
||
| 245 | 0 |
_aTratado de las obligaciones _b |
|
| 260 | _c1996 | ||
| 650 | _aDER | ||
| 654 | _aCDE | ||
| 942 |
_cLIB _dJUS _fJUS _2ddc _n |
||
| 999 |
_c25407 _d25407 |
||